Catálogo
 En Linea

En busca de la liberación : (Registro nro. 35290)

Detalles MARC
000 -CABECERA
campo de control de longitud fija 00785nam a2200193 a 4500
001 - NÚMERO DE CONTROL
campo de control 000035799
005 - FECHA Y HORA DE LA ÚLTIMA TRANSACCIÓN
campo de control 20200930074624.0
008 - DATOS DE LONGITUD FIJA--INFORMACIÓN GENERAL
campo de control de longitud fija 111114s1982 mx 000 0 spa d
040 ## - FUENTE DE LA CATALOGACIÓN
Centro catalogador/agencia de origen DO-SdBNP
Lengua de catalogación spa
Centro/agencia transcriptor BNPHU
049 ## - FONDOS LOCALES (OCLC)
Fondos de biblioteca BNPD
100 1# - ENTRADA PRINCIPAL--NOMBRE DE PERSONA
Nombre de persona A.C. Bhaktivedanta Swami Prabhupada,
Fechas asociadas al nombre 1896-1977.
9 (RLIN) 61749
245 10 - MENCIÓN DE TÍTULO
Título En busca de la liberación :
Resto del título una conversación entre su divina gracia A. G. Bhak Bhaktivedanta Swami Prabhupãda y el famoso beatle John Lennon /
Mención de responsabilidad, etc. traducción Virabähu däsa adhikâ.
260 ## - PUBLICACIÓN, DISTRIBUCIÓN, ETC.
Lugar de publicación, distribución, etc. México :
Nombre del editor, distribuidor, etc. Fondo Editorial Bhaktivedanta,
Fecha de publicación, distribución, etc. 1982.
300 ## - DESCRIPCIÓN FÍSICA
Extensión 63 p. ;
Dimensiones 20 cm.
490 1# - MENCIÓN DE SERIE
Mención de serie Juventud mística
534 ## - NOTA SOBRE LA VERSIÓN ORIGINAL
Encabezamiento principal del original Search for liberation
590 ## - NOTA LOCAL (RLIN)
Nota local Perteneció a la biblioteca personal de Juan Isidro Jimenes Grullón
830 #0 - PUNTO DE ACCESO ADICIONAL DE SERIE-TÍTULO UNIFORME
Título uniforme Juventud mística
9 (RLIN) 61750
Existencias
Estado de retiro Estado de pérdida Restricciones de uso No para préstamo Código de colección Localización permanente Ubicación/localización actual Ubicación en estantería Fecha de adquisición Número de inventario Total de préstamos Signatura topográfica completa Código de barras Fecha visto por última vez Precio válido a partir de Tipo de ítem Koha Nota pública Número de copia
      Excluido de préstamo Monografías: Libros y Folletos General General Depósito 14.11.2011 LF1   35799-10 25.06.2020 25.06.2020 No se presta Perteneció a la biblioteca personal de Juan Isidro Jimenes Grullón.  
      Excluido de préstamo Monografías: Libros y Folletos General General En catalogación 16.11.2011 LF1   35799-20 25.06.2020 25.06.2020 No se presta Perteneció a la biblioteca personal de Juan Isidro Jimenes Grullón. e. 2

Con tecnología Koha